| 000 | 00610nam a2200193 i 4500 | ||
|---|---|---|---|
| 001 | 63041 | ||
| 003 | ES-MaACL | ||
| 005 | 20230906164756.0 | ||
| 007 | t| | ||
| 008 | 031127s1956 sp |||| | spa d | ||
| 100 | 1 |
_aFernández Pousa, Ramón _950010 |
|
| 245 | 1 | 0 |
_aCancionero gallego del trovador Pero da Ponte / _cpor Ramón Fernández Pousa. |
| 260 |
_a[Madrid : _bs.n., _c1956] |
||
| 300 |
_a19 h. ; _c24 cm. |
||
| 595 | _aSeparata de: Revista de archivos, bibliotecas y museos, t. 62, n. 3, 1956. | ||
| 600 | 0 | 4 |
_aPero da Ponte. _9170825 |
| 852 |
_aES-MaACL _j1984-F-8 |
||
| 999 |
_c63041 _d63041 |
||